Statistics for Life of Moses

Click here to take the quiz!

General Stats

  • This quiz has been taken 15,198 times
  • The average score is 13 of 18

Answer Stats

HintAnswer% Correct
Sea which God parted to let the Jews escape from EgyptRed Sea
96%
Form that God took when he first appeared to MosesBurning {Bush}
93%
What was written on those tabletsTen Commandments
92%
River in which Moses was hidden as a babyNile River
87%
Moses is first mentioned in this book of the BibleExodus
86%
The 8th Plague of the Egyptians, involving insectsPlague of {Locusts}
84%
What the Jews put above their doors to be spared the 10th PlagueLamb's Blood
81%
Holiday which celebrates the Jews being spared from that plaguePassover
79%
Container for the tablets which God told Moses how to build.
Current location: unknown.
Ark of the Covenant
77%
Length of time that the Jews wandered in the desert40 Years
76%
Idol that the Jews worshiped in Moses's absenceGolden {Calf}
76%
Mountain where Moses received stone tabletsMount Sinai
76%
Heavenly food that God gave them to eatManna
73%
Moses died before crossing this river into the Promised LandRiver Jordan
69%
Brother of Moses who acted as his "spokesman"Aaron
68%
Prophet who followed after Moses and famously destroyed JerichoJoshua
49%
Sister of Moses (hint: starts with M)Miriam
44%
House of worship which God told Moses how to build
(hint: starts with T, not temple)
Tabernacle
42%

Score Distribution

Percentile by Number Answered

Percent of People with Each Score

Your Score History

You have not taken this quiz